00979nam a2200253 a 450000100100000000500170001000800410002704000250006808200150009310000340010824501160014226000380025830000280029650000730032450400280039765000280042565000310045365000310048465000240051565000280053970000310056795201120059899900150071000000647220260115123654.0090831s1995 dr r 000 0 spa d aDO-SdBNPbspacBNPHU a170bM761m1 aMotalvo C. , Rafael V.91794113aEl ABC de la moral y cívica :bgente nueva para una patria nueva /cRafael V. Montalvo C. , Henry A. Rojas L. aSanto Domingo :bMontalvo,c1995. a240 p. :bil. ;c21 cm. aIncluye referencias bibliográficas y notas al pie de las páginas aBibliografía : p. 239 0aEducación moral91607 0aEducación cívica91206 0aValores (Filosofía)9604 0aVida cristiana9668 0aValores sociales 910871 aRojas L. , Henry A.917942 0010718PDaPDbPDcHDd2009-08-31iLF1l0o170 M761mp6472-10r2020-06-25w2020-06-25yLFPDZNo se presta c6264d6264